000
00328nam a2200133Ia 4500
008
240624s9999 xx 000 0 und d
041
_a
eng
082
_a
338 DAV
100
_a
DAVIDSSON PER
245
_a
NEW FIRM STARTUPS
260
_c
2006
_a
United Kingdom
_b
Edward Elgar
300
_a
xxx, 551 p.; 23 cm.
365
_c
BPS
_b
30
999
_c
30368
_d
30368